000 00715nam a2200229Ia 4500
003 OSt
005 20220926000603.0
006 a|||||r|||| 00| 0
007 ta
008 220923b |||||||| |||| 00| 0 eng d
037 _cGeneral Book
040 _aRTL
_cRTL
_beng
041 _2eng
_aeng
082 _aX93:8.20m3.N6, K9
100 _aArora R. S.
_9110116
245 0 _aAdministration of government industries
_b Three es
260 _a New Delhi
_bIndian Institute of Public Administration India
_c1969
300 _aix, 132p. Bibliography p.123-30
_ccm.
650 _aPublic Sector Economics
942 _hX93:8.20m3.N6, K9
_cGB
_2CC
999 _c599345
_d599345